00000000nam##2200000za#4500
0019.644228
003CaOODSP
00520210624224539
007cr |||||||||||
008150407|1983||||xxc|||||o    f|0| 0 fre|d
040 |aCaOODSP|bfre
043 |an-cn---
0861 |aA53-1285/1983F-PDF
1101 |aCanada.|bAgriculture Canada. |bDirection générale des communications.
24510|aLes lythrums pour le jardin familial / |h[ressource électronique]|c[par] H.F. Harp and L.M. Collicutt.
250 |aRévision 1983
260 |aSaint-Jean-sur-Richelieu - Québec : |bAgriculture Canada. |cc1983.
300 |a8p.
500 |aPublication historique numérisée par Agriculture et Agroalimentaire Canada.
590 |a15-02-Supp|b2015-02-16
7201 |aHarp, H. F.
7201 |aCollicutt, L. M.
77508|tLythrums for home gardens / |w(CaOODSP)9.700330
85640|ahttp://publications.gc.ca|qPDF|s538 Ko|uhttps://publications.gc.ca/collections/collection_2015/aac-aafc/A53-1285-1983-fra.pdf
986 |aPublication 1285/F